000 00310nam a2200133Ia 4500
008 150201s2014 xx 000 0 und d
082 _a617.6
_bD2012T
100 _aTHOMSON ,PETER
245 _aORAL PRECANCER
250 _a1ST
260 _bJOHN WILEY-BLACKWELL
650 _aORAL PATHOLOGY
942 _2ddc
_cBK
999 _c4881
_d4881